Punto y línea sobre el plano contribución al análisis de los elementos pictóricos (Registro nro. 63672)
[ vista simple ]
| 000 -ENCABEZADO | |
|---|---|
| Número de control [NR] | 00794nam a2200229Ia 4500 |
| 008 - DE LONGITUD FIJA DE DATOS DE ELEMENTOS - INFORMACIÓN GENERAL | |
| Elementos de longitud fija [NR] | 130821s2007 ag a gr spa |
| 020 ## - NUMERO INTERNACIONAL NORMALIZADO PARA LIBROS [R] | |
| Número Internacional Normalizado del libro [NR] | 9789876170109 |
| 040 ## - FUENTE DE CATALOGACION [NR] | |
| Agencia de catalogación original [NR] | Co-BoUCM |
| Idioma de catalogación [NR] | spa |
| 041 00 - CODIGO DE IDIOMA [R] | |
| Código de idioma para texto/pista de sonido o título separado [R] | Español |
| 100 1# - ASIENTO PRINCIPAL--NOMBRE PERSONAL [NR] | |
| Nombre personal [NR] | Wassily, Kandinsky |
| Fechas asociadas con el nombre [NR] | 1866-1944 |
| ID Autoridad | 165857 |
| 245 10 - MENCION DE TITULO [NR] | |
| Título [NR] | Punto y línea sobre el plano contribución al análisis de los elementos pictóricos |
| Mención de responsabilidad, etc. [NR] | Kandinsky Wassily |
| 260 ## - PUBLICACION, DISTRIBUCION, ETC. (PIE DE IMPRENTA) [R] | |
| Lugar de publicación, distribución, etc. [R] | La Plata (Argentina) |
| Nombre del editor, distribuidor, etc. [R] | Terramar Ediciones |
| Fecha de publicación, distribución, etc. [R] | 2007 |
| 300 ## - DESCRIPCION FISICA [R] | |
| Extensión [R] | 151 páginas |
| Otros detalles físicos [NR] | gráficas |
| 490 #0 - MENCION DE SERIE [R] | |
| Mención de serie [R] | Caronte Estética |
| 504 ## - NOTA DE BIBLIOGRAFIA, ETC. [R] | |
| Nota de bibliografía, etc. [NR] | |
| 650 04 - ASIENTO SECUNDARIO DE MATERIA - TERMINO TEMATICO [R] | |
| Término temático o nombre geográfico como elemento de entrada [NR] | Arte |
| 9 (RLIN) | 9444 |
| 650 04 - ASIENTO SECUNDARIO DE MATERIA - TERMINO TEMATICO [R] | |
| Término temático o nombre geográfico como elemento de entrada [NR] | Artes gráficas |
| Subdivisión general [R] | Técnicas |
| 9 (RLIN) | 9551 |
| 650 04 - ASIENTO SECUNDARIO DE MATERIA - TERMINO TEMATICO [R] | |
| Término temático o nombre geográfico como elemento de entrada [NR] | Crítica de arte |
| 9 (RLIN) | 12196 |
| 650 04 - ASIENTO SECUNDARIO DE MATERIA - TERMINO TEMATICO [R] | |
| Término temático o nombre geográfico como elemento de entrada [NR] | Línea (Arte) |
| 9 (RLIN) | 18555 |
| 942 ## - ELEMENTOS DE ENTRADA AGREGADOS (KOHA) | |
| Tipo de ítem principal el descrito en 300a | Libro |
| Sistema de clasificación | DEWEY |
| Tema principal | Arte |
| Edición | 1 |
| Clasificación | 760.28 |
| Parte restante de la signatura top. | W323p |
| Fecha de último préstamo | Total préstamos | Total Renewals | Signatura topográfica | Código de barras | Última vez visto | Ejemplar | Price effective from | Tipo de ítem | Nota pública (OPAC) | Perdido | Sistema de clasificación | Dañado | No prestable | Tipo de ítem específico | Suprimido | Ubicación habitual | Ubicación actual | Localización | Fecha de creación | Forma de adquisición | Costo |
|---|---|---|---|---|---|---|---|---|---|---|---|---|---|---|---|---|---|---|---|---|---|
| 09/05/2024 | 3 | 1 | 760.28 W323p | 100105162 | 05/12/2025 | Ej.1 | 03/02/2013 | Libro | Spot Artes Visuales | DEWEY | Libro | Claustro | Claustro | Mezanine | 30/09/2010 | Compra | 61500.00 |